El mundo desde el Sur: voces de Chile en política exterior

Gorde:
Xehetasun bibliografikoak
Egile korporatiboa: Ministerio de Relaciones Exteriores (Egilea), Gobierno de Chile (Egilea)
Formatua: Liburua
Hizkuntza:gaztelania
Argitaratua: Santiago Ministerio de Relaciones Exteriores 2010
Gaiak:
Etiketak: Etiketa erantsi
Etiketarik gabe, Izan zaitez lehena erregistro honi etiketa jartzen!

MARC

LEADER 00000nam a2200000 a 4500
001 UCG2926
003 CL-VaPUC
008 100729e20100200CL |||||||||||||||||spa|d
082 0 4 |a 327.1  |b MIN  |2 21 
110 2 |a Ministerio de Relaciones Exteriores  |e author  |9 551620 
710 2 |a Gobierno de Chile  |e author  |9 551621 
245 1 3 |a El mundo desde el Sur: voces de Chile en política exterior 
300 |a 168 p 
942 |c BK 
945 |d 20100729 00:00:00  |a mfarfan 
260 |a Santiago  |b Ministerio de Relaciones Exteriores  |c 2010 
650 0 |a Política exterior   |9 316628 
650 0 |a Relaciones Internacionales  |9 255740 
651 7 |a CHILE  |2 CL-VaPUC  |9 551622 
583 |a last modification  |c 20100729 00:00:00  |k Rodrigo Vera 
999 |c 342027  |d 342025 
952 |0 0  |1 0  |4 0  |6 327_100000000000000_MIN_2010  |7 0  |8 A  |9 437971  |a BIBHIS  |b BIBHIS  |d 2019-11-22  |i 4700643  |o 327.1 MIN 2010  |p 4700643  |r 2025-01-20  |w 2019-11-22  |y BK  |k HIS